00591cam a22001937a 4500003000500000005001700005008004100022010001000063011001000073035001000083040000900093100002700102245008700129260003200216300001900248500006500267650002400332650004100356CHAP20220817041605.0971013s1964 r 00010 d a18974 a19946 a24033 cCHAP00aAlvarez Luna, Eduardo.12aA study of inheritance of fruit firmess in the tomato (Lycopersicon esculentum M.) a(s.l.) :bThe author,c1964 a212 p.b: ilus aThesis ( Ph. Doctor ) -- Cornell University. Graduate School14aGenética vegetal.14aTomatexFisiología y morfología.